Budova, ktorá má srdce z dreva

Bibliographic Details
Main Author: Petránsky, Ľudovít, 1943-2021 (Author)
Format: Article
Language:Slovak
PhysicalDescription:Fotogr., obr.
ISSN:1335-1230
Subjects:

MARC

LEADER 00000nab a2200000 a 4500
001 vtls008955958
003 SK-MaSNL
005 20260303070353.0
008 140328c2007 xo zr|p|||||||000 b|slo
015 |a SNBRB2007/03  |2 snkbucl 
038 |a SNKBUCL 
040 |a SNKBUCL  |b slo  |c SNKBUCL  |e AACR2 
041 0 |a slo 
044 |a xo  |c SK 
080 |a 725.23  |x (480)  |2 2001 
100 1 |a Petránsky, Ľudovít,  |d 1943-2021  |4 aut  |9 92780 
245 1 0 |a Budova, ktorá má srdce z dreva  |c Ľudo Petránsky 
300 |b Fotogr., obr. 
500 |a Architekti: Pekka Helin, Peter Verhe 
610 2 7 |a FMO Tapiola (Espoo, Fínsko)  |x architektúra  |2 snkbucl  |9 1067706 
650 0 7 |a administratívne budovy  |2 snkbucl  |9 2988 
650 0 7 |a drevená architektúra  |2 snkbucl  |9 1053865 
773 0 |t ASB  |g Roč. XIV, č. 3 (2007), s. 38-42  |x 1335-1230 
852 |a SNK  |b KIS3GCP 
958 |a FI 
999 |c 1755065  |d 1756995